Histoire de la langue francaise: des origines a 1900
Gespeichert in:
| 1. Verfasser: | |
|---|---|
| Format: | Buch |
| Sprache: | Französisch |
| Veröffentlicht: |
París
Librairie Armand Colin
1926
|
| Ausgabe: | 1a. ed |
| Schlagworte: | |
| Tags: |
Tag hinzufügen
Keine Tags, Fügen Sie den ersten Tag hinzu!
|
MARC
| LEADER | 00000nam a2200000 a 4500 | ||
|---|---|---|---|
| 001 | UCJ9418 | ||
| 003 | CL-VaPUC | ||
| 008 | 070316e19260000FR |||||||||||||||||fre|d | ||
| 082 | 0 | 4 | |a 440 |b BRU |2 21 |
| 100 | 0 | |a Brunot, Ferdinand |e author |9 519411 | |
| 245 | 1 | 0 | |a Histoire de la langue francaise: des origines a 1900 |
| 250 | |a 1a. ed | ||
| 300 | |a v | ||
| 942 | |c BK | ||
| 945 | |d 20070316 00:00:00 |a cmena | ||
| 260 | |a París |b Librairie Armand Colin |c 1926 | ||
| 500 | |a v.7: La propagation du francais en France: jusqu'à la fin de l'ancien régime | ||
| 650 | 7 | |a IDIOMA FRANCES |2 CL-VaPUC |9 322912 | |
| 650 | 0 | |a Investigación lingüística |9 329785 | |
| 650 | 0 | |a Investigación histórica |9 344844 | |
| 583 | |a last modification |c 20070316 00:00:00 |k Rodrigo Vera | ||
| 999 | |c 324944 |d 324942 | ||
| 952 | |0 0 |1 0 |4 0 |6 440_000000000000000_BRU_1926 |7 0 |8 A |9 405346 |a BIBEDU |b BIBEDU |d 2019-11-22 |h v.7 |i 3281183 |o 440 BRU 1926 |p 3281183 |r 2019-11-22 |w 2019-11-22 |y BK |k LIT | ||